Guess the Taylor Swift Song by the Lyrics #14 - Statistics

General Stats
  • This quiz has been taken 127 times
  • The average score is 319 of 398
Answer Stats
LYRICS % Correct
a
99%
I
99%
the
96%
you
95%
You
95%
you?
95%
And
93%
and
93%
be
93%
do
93%
me,
93%
me
93%
me?
93%
to
92%
your
91%
I'm
90%
it
90%
my
90%
on
90%
wear
90%
is
89%
she
89%
She
89%
in
88%
like
88%
of
86%
who
86%
You're
86%
you're
86%
where
85%
with
85%
when
84%
so
83%
that
83%
That
83%
that?
83%
it's
82%
night
82%
by
81%
she's
81%
She's
81%
up
81%
know
80%
know,
80%
see
80%
see?
80%
why
80%
all
79%
All
79%
not
79%
this
79%
could
78%
girl
78%
said
78%
what
78%
belong
77%
belong,
77%
If
77%
one
77%
time
77%
time,
77%
been
76%
Been
76%
can't
76%
Can't
76%
for
76%
here
76%
how
76%
phone
76%
short
76%
baby?
75%
Captain
75%
get
75%
girlfriend,
75%
about
74%
Cheer
74%
day
74%
doesn't
74%
room,
74%
Cause
73%
has
73%
never
73%
skirts,
73%
wears
73%
bleachers
72%
something
72%
T-shirts
72%
upset
72%
bout
71%
Have
71%
humor
71%
kind
71%
music
71%
off
71%
Tuesday
71%
at
70%
goin'
70%
listening
70%
lookin'
70%
typical
70%
Dreaming
69%
just
69%
Think
69%
think
69%
whole
69%
say
68%
than
68%
wake
68%
story
67%
understands
67%
back
66%
better
66%
find
66%
tell
66%
along,
65%
high
65%
she'll
65%
you've
65%
doin'
64%
down
64%
ever
64%
got
64%
laugh
64%
sneakers
64%
cry
63%
heels,
63%
jeans
63%
light
63%
smile
63%
door
61%
house
61%
haven't
60%
"Hey,
60%
Hey,
60%
isn't
60%
Oh
60%
seen
60%
thinking
60%
while
60%
brought
59%
dreams
59%
myself
59%
waitin'
59%
easy?"
58%
songs
58%
town
58%
favorite
57%
makes
57%
middle
57%
since
56%
Standin'
56%
fine,
55%
Laughin'
55%
bench,
54%
help
54%
maybe
54%
thought,
54%
park
53%
Walking
53%
worn-out
53%
ought
52%
streets
49%
Driving
48%
remember
47%
(Ah)
22%
No matching quizzes found
Score Distribution
Percent of People with Each Score
Percentile by Number Answered
Your Score History
You have not taken this quiz